000 00492nam a2200193Ia 4500
005 20240823050138.0
008 240823s9999||||xx |||||||||||||| ||und||
020 _a978-0-85226-001-2c
041 _aENGLISH
082 _A547 Q2
100 _aMukherji S M et al.
245 0 _aOrganic Chemistry Volume III
250 _a1st
260 _c2012
_bNew Age International (P
_aNew Delhi
500 _aTRANSFERED
650 _aorganic chemistry
_bChemistry
942 _cBK
999 _c216580
_d216580